000 01033nam a2200277 a 4500
001 000009988
003 DO-SdBNP
005 20240412074214.0
007 ta
008 091002e2000 dr a gr 000 pdspa d
040 _aDO-SdBNP
_bspa
_cBNPHU
082 4 _aRD861.44
_bV732j
_222
100 1 _aVillegas, Víctor,
_d1924-
_97800
245 1 0 _aJamás :
_bpoemas /
_cVíctor Villegas ; edición, Tomás Castro Burdiez; ilustración, Soucy de Pellerano
260 _aSanto Domingo :
_bCorripio,
_c2000
300 _a76 p. :
_bil. ;
_c22 cm.
500 _aIncluye datos biográficos del autor en la contracubierta
500 _aLa ilustración de cubierta "La Muerte de Sócrates", cuadro de Jacobo Luis David, publicado en el Enciclopedia Barsa.
590 _aInventariado, 2019 / DG
650 0 _aPoesía dominicana
_966
650 0 _aLiteratura dominicana.
_967
700 1 _aPellerano, Soucy, de
_eil.
_983081
700 _aCastro, Tomás,
_d1959-
_eed.
_924641
910 _aValidado. Control de calidad MMOLINA
942 _2ddc
_cLBS1
999 _c9747
_d9747